1687 1883 1109 1642 1465 1143 1137 1700 1592 1377 1730 1790 1044 1794 1779 1979 1590 1197 1982 1625 1150 1285 1641 1480 1997 1036 1651 1036 1011 1505 1865 1256 1343 1154 1292 1773 1547 1730 1043 1421 1066 1767 1284 1413 1633 1087 1400 1952 1797 1068 1885 1532 1898 1620 1471 1982 1499 1256 1551 1079 1586 1682 1510 1729 1740 1396 1638 1056 1190 1477 1718 1199 1206 1001 1124 1942 1247 1697 1257 1064 1223 1621 1390 1397 1354 1241 1333 1289 1897 1296 1371 1731 1861 1376 1853 1114 1902 1938 1412 BCNSPRNW ULIB Ver.6.0+V

เปลี่ยนเป็นภาษาไทย

Change to English
 แสดงรายละเอียดบรรณานุกรม
  กลับหน้าหลัก

Brief Record : Get Marc (ISO 2709) : E-mail record : QR code < ปิดหน้าต่าง
LEADER : 00000nam 2200000uu 4500
001    13399124174
003     ULIB
008    020711s2550 th a 000 0 tha d
099    วจ.LB1025^bส739ผ
100    สุกันยา นัครามนตรี
245    ผลการจัดการเรียนการสอนที่เน้นผู้เรียนเป็นสำคัญในรายวิชาการออกกำลังกายเพื่อสุขภาพ/^cสุกันยา นัครามนตรี กิตติพร เนาว์สุวรรณ
260     ^bม.ป.ท.,^c2550
700    กิตติพร เนาว์สุวรรณ
945    ^p0^l0^i020727
รายการนี้ยังไม่มีแท็ก
คุณยังไม่ได้ล็อกอิน คุณสามารถมีกิจกรรมร่วมกับเว็บไซต์ได้ แต่ต้องล็อกอินก่อน ::
  ล็อกอิน

รายการสื่อสารสนเทศ

ลำดับที่ ประเภท เลขเรียก/บาร์โค้ด สถานที่ สถานะ
1. งานวิจัย
งานวิจัย
วจ.LB1025 ส739ผ ฉ.1 
  Barcode: 020727
ห้องสมุดวิทยาเขตนครสวรรค์
►วิจัย:l:Research Room
บนชั้น

รายการใกล้เคียง
    ผู้แต่ง [สุกันยา นัครามนตรี]

BibComment


ยังไม่เคยถูกคอมเมนท์

คอมเมนท์ทรัพยากรรายการนี้
  คอมเมนท์: ผลการจัดการเรียนก..


 Copyright 2026. Bcnsprnw @Library